00961nam a2200241Ia 4500003000900000008004100009020002200050040001600072080002200088111006600110245017800176260006100354300001600415490006600431650002700497650003300524650002900557650003300586700002500619700002400644700002400668700002700692IN-BaIIA211028s9999 xx 000 0 eng d a978-1-58381-780-3 cIIA Library a082.2:52bASP-449 aAstronomical Polarimetry 2008cQuebec, Canadad2008 July 6-11 0aAstronomical polarimetry 2008bscience from small to large telescopes; proceedings of a workshop held in Quebec, Canada, July 6-11, 2008cedited by Pierre Bastien…[et al.] aSan FranciscobAstronomical Society of the Pacificc2011 axiii, 466p. aAstronomical Society of the Pacific conference series; v. 449 aAstronomy - congresses aLarge telescope - congresses aPolarimetry - congresses aSmall telescope - congresses aBastien, Pierre, ed. aClemens, D. P., ed. aManset, Nadine, ed. aSt-Louis, Nicole., ed.